Analytický pohľad na vývoj konkurencieschopnosti na Slovensku a v EÚ

Vymedzenie pojmu konkurencieschopnosť. Meranie konkurencieschopnosti. Analýza vývoja vzájomnej konurencieschopnosti krajín Európskej únie pomocou ukazovateľa GCI za obdobie 2006-2015.

Saved in:
Bibliographic Details
Main Author: Kiseľáková, Dana
Other Authors: Šofranková, Beáta, Čabinová, Veronika
Format: Book Chapter
Language:Slovak
Subjects:
Tags: Add Tag
No Tags, Be the first to tag this record!

MARC

LEADER 00000naa a2200000 4500
001 0227025
005 20221019173048.3
041 0 |a slo 
044 |a SK 
245 1 0 |a Analytický pohľad na vývoj konkurencieschopnosti na Slovensku a v EÚ  |c Dana Kiseľáková, Beáta Šofranková, Veronika Čabinová 
520 |a Vymedzenie pojmu konkurencieschopnosť. Meranie konkurencieschopnosti. Analýza vývoja vzájomnej konurencieschopnosti krajín Európskej únie pomocou ukazovateľa GCI za obdobie 2006-2015. 
610 2 0 |a konkurencieschopnosť 
610 2 0 |a analýza komparatívna 
610 2 0 |a Európska únia 
610 2 0 |a Slovensko 
100 1 |a Kiseľáková, Dana 
700 1 |a Šofranková, Beáta 
700 1 |a Čabinová, Veronika